The epistle of Paul the Apostle to the Colossians / (Record no. 10981)
[ view plain ]
| 000 -LEADER | |
|---|---|
| fixed length control field | 00618cam a2200217Ia 4500 |
| 001 - CONTROL NUMBER | |
| control field | 11207425 |
| 003 - CONTROL NUMBER IDENTIFIER | |
| control field | OCoLC |
| 005 - DATE AND TIME OF LATEST TRANSACTION | |
| control field | 20221116100929.0 |
| 008 - FIXED-LENGTH DATA ELEMENTS--GENERAL INFORMATION | |
| fixed length control field | 930414s1963 scu 000 0 eng d |
| 010 ## - LIBRARY OF CONGRESS CONTROL NUMBER | |
| LC control number | 63021467 |
| 040 ## - CATALOGING SOURCE | |
| Original cataloging agency | HDL |
| Transcribing agency | HDL |
| Modifying agency | m/c |
| -- | OCL |
| -- | ATH |
| 050 ## - LIBRARY OF CONGRESS CALL NUMBER | |
| Item number | G799E |
| 082 ## - DEWEY DECIMAL CLASSIFICATION NUMBER | |
| Item number | G799E |
| 090 ## - LOCALLY ASSIGNED LC-TYPE CALL NUMBER (OCLC); LOCAL CALL NUMBER (RLIN) | |
| Classification number (OCLC) (R) ; Classification number, CALL (RLIN) (NR) | BS2715.3 |
| Local cutter number (OCLC) ; Book number/undivided call number, CALL (RLIN) | .G7 1963 |
| 100 1# - MAIN ENTRY--PERSONAL NAME | |
| Personal name | Greene, Oliver B. |
| 245 14 - TITLE STATEMENT | |
| Title | The epistle of Paul the Apostle to the Colossians / |
| Statement of responsibility, etc. | by Oliver B. Greene. |
| 260 ## - PUBLICATION, DISTRIBUTION, ETC. | |
| Place of publication, distribution, etc. | Greenville, S.C. : |
| Name of publisher, distributor, etc. | The Gospel Hour, Inc., |
| Date of publication, distribution, etc. | c1963. |
| 300 ## - PHYSICAL DESCRIPTION | |
| Extent | 235 p. ; |
| Dimensions | 20 cm. |
| 630 00 - SUBJECT ADDED ENTRY--UNIFORM TITLE | |
| Uniform title | Bible. |
| Name of part/section of a work | Colossians |
| Form subdivision | Commentaries. |
| 942 ## - ADDED ENTRY ELEMENTS (KOHA) | |
| Source of classification or shelving scheme | Dewey Decimal Classification |
| Koha item type | Books |
| Withdrawn status | Lost status | Source of classification or shelving scheme | Damaged status | Not for loan | Collection code | Home library | Current library | Shelving location | Date acquired | Full call number | Barcode | Date last seen | Price effective from | Koha item type |
|---|---|---|---|---|---|---|---|---|---|---|---|---|---|---|
| Dewey Decimal Classification | Non-fiction | Harvest Mission College | Harvest Mission College | General Stacks | 29.11.2022 | 227 G799E | 012856 | 29.11.2022 | 29.11.2022 | Books |
